000 01070nam a22002417a 4500
999 _c65508
_d65508
005 20240530110828.0
008 161122s2009 ua g 000 e a d
017 _a2008/19276
_bمصر. دار الكتب
020 _a9774274148
040 _aEG-CaGPL
_cEG-CaGPL
082 0 4 _221
_a809/
_bع ت
245 1 0 _aتاثيرات عربية فى روايات اسبانية :
_bدراسات فى الادب المقارن /
_cترجمة وقدم لها عبداللطيف عبدالحليم ( ابو همام مستعار )
250 _aط.1
260 _aالقاهرة :
_bالدار المصرية اللبنانية،
_c2009 .
300 _a166 ص. ،
_c24 سم .
650 0 7 _2qrmak
_aالادب المقارن
650 0 7 _2qrmak
_aالادب المقارن
_xالاسبانى والعربى
650 0 7 _2qrmak
_aالادب المقارن
_xالعربى والاسبانى
651 _2qrmak
700 0 _aعبداللطيف عبدالحليم ( ابو همام مستعار )
_eمترجم
942 _2ddc
_cBK